<?xml version="1.0" encoding="UTF-8"?>
<collection xmlns="http://www.loc.gov/MARC21/slim">
 <record>
  <leader>01413nam a2200217Ia 4500</leader>
  <controlfield tag="001">CTU_165981</controlfield>
  <controlfield tag="008">210402s9999    xx            000 0 und d</controlfield>
  <datafield tag="020" ind1=" " ind2=" ">
   <subfield code="c">35</subfield>
  </datafield>
  <datafield tag="082" ind1=" " ind2=" ">
   <subfield code="a">658.4012</subfield>
  </datafield>
  <datafield tag="082" ind1=" " ind2=" ">
   <subfield code="b">L112</subfield>
  </datafield>
  <datafield tag="100" ind1=" " ind2=" ">
   <subfield code="a">La Piana, David</subfield>
  </datafield>
  <datafield tag="245" ind1=" " ind2="0">
   <subfield code="a">Play to win :</subfield>
  </datafield>
  <datafield tag="245" ind1=" " ind2="4">
   <subfield code="b">the nonprofit guide to competitive strategy</subfield>
  </datafield>
  <datafield tag="245" ind1=" " ind2="0">
   <subfield code="c">David La Piana, with Michaela Hayes</subfield>
  </datafield>
  <datafield tag="260" ind1=" " ind2=" ">
   <subfield code="a">San Francisco</subfield>
  </datafield>
  <datafield tag="260" ind1=" " ind2=" ">
   <subfield code="b">Jossey-Bass</subfield>
  </datafield>
  <datafield tag="260" ind1=" " ind2=" ">
   <subfield code="c">2005</subfield>
  </datafield>
  <datafield tag="520" ind1=" " ind2=" ">
   <subfield code="a">Play to Win offers nonprofit leaders the help they need to develop their organization’s unique competitive advantages and to use the power of competitive strategies to build their organization’s capacity for advancing its mission. This book offers a clear description of competition and discusses its practical, ethical, and political ramifications within the nonprofit sector. It demonstrates how, by being a more effective competitor, a nonprofit can enhance its chances for both programmatic and financial success. Play to Win is filled with practical tools for assessing a nonprofit’s position in the marketplace and developing winning competitive strategies</subfield>
  </datafield>
  <datafield tag="650" ind1=" " ind2=" ">
   <subfield code="a">Strategic planning,Competition,Organizational effectiveness,Nonprofit organizations,Kế hoạch chiến lược,Sự cạnh tranh,Các tổ chức phi lợi nhuận</subfield>
  </datafield>
  <datafield tag="910" ind1=" " ind2=" ">
   <subfield code="a">Nguyên</subfield>
  </datafield>
  <datafield tag="980" ind1=" " ind2=" ">
   <subfield code="a">Trung tâm Học liệu Trường Đại học Cần Thơ</subfield>
  </datafield>
 </record>
</collection>
